Advanced accountancy: Theory, method and application. 2 V (Record no. 27515)

MARC details
000 -LEADER
fixed length control field 00312nam a2200121Ia 4500
082 ## - DEWEY DECIMAL CLASSIFICATION NUMBER
Classification number 657
Item number GUP
100 ## - MAIN ENTRY--AUTHOR NAME
Personal name Gupta, R L
245 #0 - TITLE STATEMENT
Title Advanced accountancy: Theory, method and application. 2 V
260 ## - PUBLICATION, DISTRIBUTION, ETC. (IMPRINT)
Place of publication Delhi
Name of publisher S Chand
650 ## - SUBJECT ADDED ENTRY--TOPICAL TERM
Topical Term Accountancy
942 ## - ADDED ENTRY ELEMENTS (KOHA)
Koha item type Books
Holdings
Withdrawn status Lost status Damaged status Not for loan Home library Current library Date acquired Cost, normal purchase price Full call number Accession Number Koha item type
      Write off RRII Library RRII Library 16/12/2021 15.00 657 GUP 08134 Books